Report on the 17th quinquennial wages census in Tamil Nadu Conducted during 1986 (Record no. 496041)

000 -LEADER
fixed length control field 00397cam a22001097a 4500
008 - FIXED-LENGTH DATA ELEMENTS--GENERAL INFORMATION
fixed length control field 180718b1988 xxu||||| |||| 00| 0 eng d
082 ## - DEWEY DECIMAL CLASSIFICATION NUMBER
Classification number R22x5452 T152/17
245 ## - TITLE STATEMENT
Title Report on the 17th quinquennial wages census in Tamil Nadu Conducted during 1986
Statement of responsibility, etc. by Department of Statistics
260 ## - PUBLICATION, DISTRIBUTION, ETC.
Place of publication, distribution, etc. Madras
Name of publisher, distributor, etc. Government of Statistics
Date of publication, distribution, etc. 1988
300 ## - PHYSICAL DESCRIPTION
Extent v.p.
700 ## - ADDED ENTRY--PERSONAL NAME
Personal name Tamil Nadu. Department of Statistics
Holdings
Withdrawn status Lost status Damaged status Not for loan Permanent Location Current Location Date acquired Full call number Barcode Date last seen Price effective from Koha item type
        Indian Institute of Public Administration Indian Institute of Public Administration 2018-08-04 R22x5452 T152/17 GG20780 2018-08-04 2018-08-04 GG

Powered by Koha